The poverty reduction support credit project = Dự án tín dụng hỗ trợ giảm nghèo

The main objective: supporting finance, trade facilitation and market access, international financial standards and systems and regulation and competition policy

Shranjeno v:
Bibliografske podrobnosti
Korporativna značnica: The World Bank in Vietnam (WB)
Format: Knjiga
Jezik:Undetermined
Izdano: Ha Noi The World Bank in Vietnam (WB) 2003
Teme:
Oznake: Označite
Brez oznak, prvi označite!
Thư viện lưu trữ: Trung tâm Học liệu Trường Đại học Cần Thơ
LEADER 00863nam a2200205Ia 4500
001 CTU_171868
008 210402s9999 xx 000 0 und d
082 |a 362.582 
082 |b W927 
110 |a The World Bank in Vietnam (WB) 
245 4 |a The poverty reduction support credit project = 
245 0 |b Dự án tín dụng hỗ trợ giảm nghèo 
245 4 |c The World Bank in Vietnam (WB) 
260 |a Ha Noi 
260 |b The World Bank in Vietnam (WB) 
260 |c 2003 
520 |a The main objective: supporting finance, trade facilitation and market access, international financial standards and systems and regulation and competition policy 
650 |a Poverty and development,Nghèo đói và phát triển 
904 |i Kiều Trang, Ngoc Anh, Trọgn Hiếu 
980 |a Trung tâm Học liệu Trường Đại học Cần Thơ